À quel point connais-tu Ive ? - Statistiques

Statistiques générales
  • Ce quiz a été pris 53 fois
  • Le résultat moyen est 20 sur 30
Statistiques - réponses
Question Réponse % Correct
Comment se nomme le fandom de Ive ? Dive
98%
Combien de membres composent le groupe ? 6
95%
Quelles membres ont fait parties de Iz*One avant d'intégrer Ive ? Yujin et Wonyoung
95%
Qui est la plus jeune du groupe ? Leeseo
90%
Quelle membre est d'origine Japonaise ? Rei
88%
Sous quelle agence sont Ive ? Starship
88%
Comment s'intitule la debut song de Ive ? Eleven
85%
Qui est la leader du groupe ? Yujin
83%
En quelle année ont débuté Ive ? 2021
80%
En quelle année sont nées Rei, Wonyoung et Liz ? 2004
78%
Quel est le vrai nom de Liz ? Jiwon
78%
Quel est le vrai nom de Leeseo ? Hyunseo
75%
Quelle membre porte le nom allemand de Elizabeth Helga Muller ? Liz
75%
Quelle membre a poursuivit en justice la Youtubeuse ''Sojang'' et a gagné le procès ? Wonyoung
70%
Quel est le MV le plus regardé de Ive ? I Am
60%
Avec quelle chanson Ive ont-elle remporté le trophée ''Song Of The Year'', en étant encore des rookies ? Love Dive
60%
Comment s'intitule le tout premier world tour de Ive ? Show What I Have
60%
En quelle année est née Leeseo ? 2007
58%
Quelle membre a comme animal représentatif un lapin ? Wonyoung
58%
En quelle année est née Yujin ? 2003
55%
Quelle membre a comme animal représentatif un chat ? Liz
55%
Quelle membre a comme animal représentatif un chien ? Yujin
55%
Avec quelle chanson Ive ont-elles le plus reçu de trophées sur des music shows ? After Like
53%
Quelle membre a comme animal représentatif un canard ? Rei
50%
En quelle année est née Gaeul ? 2002
48%
Gaeul a entièrement créé une chorégraphie pour l'une des b-sides de Ive, laquelle ? Tko
43%
Quelle membre a comme animal représentatif un écureuil ? Gaeul
40%
Quelle membre a comme animal représentatif un lion ? Leeseo
35%
Combien de fois Ive ont-elle performé au Lollapalooza ? 3
33%
Avec quelle era (era = titre de l'album, tous les title tracks du même album se combinent ensemble) Ive ont-elles le plus reçu de trophées sur des music shows ? Ive Empathy
23%
Aucun quiz correspondant
Distribution des résultats
% des personnes avec chaque résultat
Percentile par nombre de réponses
Votre historique - résultats
Vous n’avez pas pris ce quiz